Advanced engineering mathematics (Record no. 2354)

000 -LEADER
fixed length control field 00457nam a22001937a 4500
001 - CONTROL NUMBER
control field 2354
003 - CONTROL NUMBER IDENTIFIER
control field BD-DhUET
008 - FIXED-LENGTH DATA ELEMENTS--GENERAL INFORMATION
fixed length control field 140922b xxu||||| |||| 00| 0 eng d
020 ## - INTERNATIONAL STANDARD BOOK NUMBER
International Standard Book Number 8121903459
040 ## - CATALOGING SOURCE
Transcribing agency 0
Modifying agency BD-DhUET
082 ## - DEWEY DECIMAL CLASSIFICATION NUMBER
Classification number 510
Item number DAS/2007
100 ## - MAIN ENTRY--PERSONAL NAME
Personal name Dass, H.K.
245 ## - TITLE STATEMENT
Title Advanced engineering mathematics
250 ## - EDITION STATEMENT
Edition statement 17th Rev. ed.
260 ## - PUBLICATION, DISTRIBUTION, ETC. (IMPRINT)
Place of publication, distribution, etc. Ram Nagar
Name of publisher, distributor, etc. S. Chand.
Date of publication, distribution, etc. 2007
300 ## - PHYSICAL DESCRIPTION
Extent xvi,1274p.
650 #0 - SUBJECT ADDED ENTRY--TOPICAL TERM
Topical term or geographic name as entry element Mathematics
942 ## - ADDED ENTRY ELEMENTS (KOHA)
Koha item type General Book
Holdings
Source of classification or shelving scheme Koha out on loan Location (home branch) Price effective from Lost status Damaged status Koha date last borrowed Piece designation (barcode) Sublocation or collection (holding branch) Copy number Withdrawn status Koha full call number Koha normalized classification for sorting Koha date last seen Koha issues (times borrowed) Not for loan Koha item type Date acquired Shelving location
  Central Library, BUET2014-09-22  2022-11-23103924Central Library, BUET1 510/DAS/2007510DAS20072023-05-063 General Book2014-09-22Circulation section
 2026-01-27Central Library, BUET2014-09-22  2026-01-13103925Central Library, BUET2 510/DAS/2007510DAS20072026-01-136 General Book2014-09-22Circulation section
  Central Library, BUET2014-09-22  2024-12-01103927Central Library, BUET3 510/DAS/2007510DAS20072025-02-104 General Book2014-09-22Circulation section
  Central Library, BUET2014-09-22  2023-03-22103928Central Library, BUET4 510/DAS/2007510DAS20072023-06-053 General Book2014-09-22Circulation section
  Central Library, BUET2014-09-22  2014-11-12103929Central Library, BUET5 510/DAS/2007510DAS20072016-02-241 General Book2014-09-22Circulation section
  Central Library, BUET2014-09-22  2023-01-11103931Central Library, BUET7 510/DAS/2007510DAS20072023-02-282 General Book2014-09-22Circulation section
  Central Library, BUET2014-09-22  2026-04-15103930Central Library, BUET6 510/DAS/2007510DAS20072026-05-093 General Book2014-09-22Circulation section
  Central Library, BUET2015-01-26  2019-01-20103922Central Library, BUET8 510/DAS/2007510_000000000000000_DAS_20072019-03-312 General Book2015-01-26Circulation section
  Central Library, BUET2015-09-01  2025-03-02103923Central Library, BUET9 510DAS/2007510DAS_2007_0000000000000002025-04-072 General Book2015-09-01Circulation section
 2024-12-08Central Library, BUET2017-05-29  2024-11-24103926Central Library, BUET10 510/DAS/2007510_000000000000000_DAS_20072024-11-2411 General Book2007-05-28Circulation section